What do These Two Countries Have in Common? #2 - Statistics

General Stats
  • This quiz has been taken 3,138 times
    275 since last reset
  • The average score is 8 of 15
Answer Stats
Question Answer % Correct
Liechtenstein and Uzbekistan Are doubly landlocked
85%
Mexico and France At least one Pixar film is set in both countries
84%
Eritrea and Vietnam Are one party state countries
72%
India and Brazil Are members of the G20
71%
Poland and Hungary Were part of the Warsaw Pact
69%
Guyana and Sudan Have homosexuality as an illegal act
63%
Gambia and Guinea Bissau Have territory that was part of the Mali empire
62%
Afghanistan and Kyrgyzstan Would score at least 15 points in a game of Scrabble (without bonus points)
60%
Romania and Ireland Is in the top 10 for beer consumption per capita
47%
Russia and Japan Are in the top 15 ranked countries by GDP
40%
Argentina and Serbia Suffered a recession during 2009
40%
South Korea and Taiwan Have an airport in the top 10 air routes
34%
Libya and Central African Republic Rank in the bottom 10 of the GPI
27%
Serbia and Chile Their international top goal scorer is still an active player
25%
Burundi and Somalia Celebrate their independence day on the same day
8%
No matching quizzes found
Score Distribution
Percent of People with Each Score
Percentile by Number Answered
Your Score History
You have not taken this quiz since the last reset